[Event "Let's Play Chess!"]
[Site "http://www.queenalice.com/game.php?id=1114320"]
[Date "2012.10.20"]
[Round "-"]
[White "Nakann"]
[Black "FerreiraAzevedo"]
[Result "1-0"]
[WhiteElo "1500"]
[BlackElo "2637"]

1. e4 c5 2. Nf3 Nc6 3. d4 cxd4 4. Nxd4 e5 5. Nf3 Nf6 6. Bd3 Bc5 7. h3 d6 8. Bg5
h6 9. Bh4 g5 10. Bg3 Qb6 11. b3 Nh5 12. Qe2 Nxg3 13. fxg3 a5 14. a4 Be6 15. Bb5
O-O 16. Nbd2 Nd4 17. Nxd4 1-0

[Event "OS INCLIVEIS"]
[Site "http://www.queenalice.com/game.php?id=1116757"]
[Date "2012.10.28"]
[Round "-"]
[White "adelio"]
[Black "Nakann"]
[Result "1-0"]
[WhiteElo "1726"]
[BlackElo "1500"]

1. d4 d5 2. e4 dxe4 3. Nc3 Bf5 4. f3 e6 5. g4 Bg6 6. h4 h5 7. g5 exf3 8. Qxf3
Nc6 9. Be3 Bxc2 10. Rc1 Bf5 11. Bb5 Ne7 12. Rd1 Bg4 13. Qe4 Bxd1 14. Kxd1 a6 15.
Be2 g6 16. Nf3 Bg7 17. Ke1 Nf5 18. Bf4 1-0

[Event "OS INCLIVEIS"]
[Site "http://www.queenalice.com/game.php?id=1127725"]
[Date "2012.12.2"]
[Round "-"]
[White "adelio"]
[Black "Nakann"]
[Result "1-0"]
[WhiteElo "1794"]
[BlackElo "1442"]

1. d4 d5 2. e4 dxe4 3. Nc3 f5 4. h4 e6 5. Nge2 Nf6 6. Bg5 Be7 7. Bxf6 Bxf6 8.
Nf4 Bxd4 9. Qe2 Bxc3+ 10. bxc3 Qf6 11. Qe3 Nc6 12. Bb5 Bd7 13. Rd1 a6 14. Bxc6
Bxc6 15. g3 1-0

[Event "ANGELIS VI"]
[Site "http://www.queenalice.com/game.php?id=1128193"]
[Date "2012.12.4"]
[Round "-"]
[White "rogeriooliveira"]
[Black "Nakann"]
[Result "0-1"]
[WhiteElo "1338"]
[BlackElo "1639"]

1. e4 c5 2. d4 cxd4 3. Qxd4 Nc6 4. Qd5 Nf6 5. Qd3 d6 6. Qe2 e5 7. Nc3 Be7 8. Bg5
a6 9. Bxf6 Bxf6 10. O-O-O Nd4 11. Qd2 Bg5 12. f4 Bxf4 13. Qxf4 exf4 14. Nh3 Ne6
15. Bc4 O-O 16. Rde1 b5 17. Be2 Bb7 18. Rhg1 Qf6 19. Rgf1 Qh6 20. Bd3 f3+ 21.
Kd1 fxg2 22. Rg1 Qxh3 23. Re2 Nf4 24. Nd5 Nxe2 25. Kxe2 Qxh2 26. Kf2 Bxd5 27.
exd5 Qh1 28. Rxg2 f5 29. Rg3 Rae8 30. Rg1 Qh4+ 31. Kf3 Qd4 32. Bf1 Qxg1 33. Bd3
Re3+ 34. Kf4 Qf2+ 35. Kg5 h6+ 36. Kg6 Rg3+ 37. Kh5 Qh2# 0-1

[Event "GUARANÁ III"]
[Site "http://www.queenalice.com/game.php?id=1130614"]
[Date "2012.12.12"]
[Round "-"]
[White "rogeriooliveira"]
[Black "Nakann"]
[Result "0-1"]
[WhiteElo "1338"]
[BlackElo "1648"]

1. e4 c5 2. d4 cxd4 3. Qxd4 Nc6 4. Qd5 Nf6 5. Qd3 e5 6. Nf3 Be7 7. Nc3 a6 8. Bg5
h6 9. Bxf6 Bxf6 10. O-O-O O-O 11. Rd2 Ne7 12. Be2 Ng6 13. Rhd1 Nf4 14. Qe3 Nxg2
15. Qd3 Nf4 16. Qe3 Nxe2+ 17. Qxe2 Re8 18. Rd3 b5 19. Nb1 Ra7 20. R1d2 Re7 21.
Qf1 Rc7 22. Qd1 Bb7 23. Re3 Qa8 24. Ne1 Bg5 25. f4 Bxf4 26. Rde2 Bxe4 27. Qd2
Bxe3 28. Rxe3 d5 29. Ng2 d4 30. Rg3 Re6 31. Qf2 Rec6 32. Nh4 Rxc2+ 33. Qxc2
Rxc2+ 34. Kd1 Rxh2 35. Nf3 Bxf3+ 36. Rxf3 Qxf3+ 37. Ke1 Qh1# 0-1

[Event "EU NAO MORRI III"]
[Site "http://www.queenalice.com/game.php?id=1134946"]
[Date "2012.12.28"]
[Round "-"]
[White "rogeriooliveira"]
[Black "Nakann"]
[Result "0-1"]
[WhiteElo "1341"]
[BlackElo "1662"]

1. e4 c5 2. d4 cxd4 3. Qxd4 Nc6 4. Qd5 Nf6 5. Qd3 e5 6. Bg5 Be7 7. Bxf6 Bxf6 8.
Nc3 a6 9. O-O-O O-O 10. Nf3 Re8 11. Be2 b5 12. Nb1 Ra7 13. Rd2 Rc7 14. Rhd1 Nd4
15. c3 Nxf3 16. gxf3 Bg5 17. f4 Bxf4 18. Kc2 Bxd2 19. Rxd2 Qh4 20. Qg3 Qxe4+ 21.
Bd3 Qc6 22. f3 d5 23. Rg2 g6 24. Qh4 e4 25. fxe4 dxe4 26. Bf1 Bf5 27. Be2 e3+
28. Bd3 Qxg2+ 29. Kb3 Bxd3 30. Na3 Qd5+ 31. Nc4 bxc4+ 32. Kb4 Rb8+ 33. Ka4 Qb5+
34. Ka3 Qa5# 0-1

[Event "EU NAO MORRI V"]
[Site "http://www.queenalice.com/game.php?id=1134948"]
[Date "2012.12.28"]
[Round "-"]
[White "rogeriooliveira"]
[Black "Nakann"]
[Result "0-1"]
[WhiteElo "1355"]
[BlackElo "1559"]

1. e4 e6 2. d4 d5 3. e5 c5 4. dxc5 Bxc5 5. Be3 Bxe3 6. fxe3 Nc6 7. Nc3 Nxe5 8.
Nf3 Nc6 9. Bb5 Bd7 10. Bxc6 Bxc6 11. O-O Qb6 12. b3 Qxe3+ 13. Kh1 Qxc3 14. Nh4
Nf6 15. g4 Qe3 16. Re1 Qh3 17. Ng2 Nxg4 18. Kg1 Qxh2+ 19. Kf1 d4 20. Qxd4 Qxg2#
0-1

[Event "PP XIII"]
[Site "http://www.queenalice.com/game.php?id=1135497"]
[Date "2012.12.29"]
[Round "-"]
[White "rogeriooliveira"]
[Black "Nakann"]
[Result "0-1"]
[WhiteElo "1357"]
[BlackElo "1611"]

1. e4 c5 2. d4 cxd4 3. Qxd4 Nc6 4. Qd5 Nf6 5. Qd3 e5 6. Nc3 Bb4 7. Bg5 O-O 8.
Bxf6 Qxf6 9. O-O-O Qxf2 10. a3 Bxc3 11. bxc3 Qc5 12. a4 Qa3+ 13. Kd2 Qxa4 14.
Ne2 Rd8 15. g3 d6 16. Bg2 Qa5 17. Rdf1 Be6 18. Rf2 d5 19. exd5 Bxd5 20. Ke3 Bxg2
21. Qc4 Qb6+ 22. Nd4 exd4+ 23. Kd3 Ne5+ 24. Kd2 Nxc4+ 25. Kd3 Ne5+ 26. Kd2 Bxh1
27. cxd4 Qxd4+ 28. Ke2 Qd2+ 29. Kf1 Qd1# 0-1

[Event "PP XVIII"]
[Site "http://www.queenalice.com/game.php?id=1135506"]
[Date "2012.12.29"]
[Round "-"]
[White "rogeriooliveira"]
[Black "Nakann"]
[Result "0-1"]
[WhiteElo "1403"]
[BlackElo "1430"]

1. e4 c5 2. d4 cxd4 3. Qxd4 Nc6 4. Qd5 Nf6 5. Qd2 e5 6. Nc3 Bb4 7. f3 h6 8. Qf2
d5 9. exd5 Nxd5 10. a3 Nxc3 11. axb4 Qd1# 0-1

[Event "ESSE CARA SOU EU XIV"]
[Site "http://www.queenalice.com/game.php?id=1136310"]
[Date "2013.1.2"]
[Round "-"]
[White "perucona"]
[Black "Nakann"]
[Result "0-1"]
[WhiteElo "1406"]
[BlackElo "1654"]

1. e4 c5 2. d4 cxd4 3. Qxd4 Nc6 4. Qd5 Nf6 5. Qd3 d6 6. Nc3 a6 7. Bg5 Bg4 8.
Bxf6 exf6 9. f3 Be6 10. O-O-O Be7 11. Nge2 O-O 12. Ng3 Qc7 13. Rd2 Rad8 14. Be2
Ne5 15. Qe3 Bc4 16. Bxc4 Nxc4 17. Qe2 Nxd2 18. Qxd2 g6 19. Re1 Rfe8 20. Re2 Bf8
21. Qe1 Qa5 22. a3 Rc8 23. h3 Bg7 24. f4 f5 25. exf5 Rxe2 26. Qxe2 Bxc3 27. bxc3
Qxa3+ 28. Kd1 Qa1+ 29. Kd2 Qxc3+ 0-1

[Event "A HORA É AGORA III"]
[Site "http://www.queenalice.com/game.php?id=1136538"]
[Date "2013.1.3"]
[Round "-"]
[White "rogeriooliveira"]
[Black "Nakann"]
[Result "0-1"]
[WhiteElo "1338"]
[BlackElo "1628"]

1. e4 c5 2. d4 cxd4 3. Qxd4 Nc6 4. Qd5 Nf6 5. Qd3 d6 6. Nc3 e6 7. Bg5 Be7 8.
Bxf6 Bxf6 9. O-O-O Be7 10. Rd2 Bg5 11. Kd1 Bxd2 12. Qxd2 O-O 13. Bb5 Bd7 14.
Bxc6 Bxc6 15. Nf3 Qb6 16. b3 h6 17. Re1 Rad8 18. Ke2 d5 19. exd5 Bxd5 20. Nxd5
Rxd5 21. Qc1 Rfd8 22. c4 Qa6 23. a4 Rf5 24. Nh4 Re5+ 25. Kf3 Rxe1 26. Qxe1 Qc6+
27. Kf4 Rd4+ 28. Ke3 Qe4# 0-1

[Event "A HORA É AGORA VII"]
[Site "http://www.queenalice.com/game.php?id=1136556"]
[Date "2013.1.3"]
[Round "-"]
[White "rogeriooliveira"]
[Black "Nakann"]
[Result "0-1"]
[WhiteElo "1302"]
[BlackElo "1650"]

1. e4 c5 2. d4 cxd4 3. Qxd4 Nc6 4. Qd5 Nf6 5. Qd3 d6 6. Nc3 a6 7. Nf3 e6 8. Bg5
Be7 9. Bxf6 Bxf6 10. O-O-O Be7 11. Be2 O-O 12. Rd2 Qc7 13. Rhd1 b5 14. Nb1 Rd8
15. Nc3 Bb7 16. Nd4 Nxd4 17. Bg4 e5 18. Be2 Bg5 19. f4 Bxf4 20. g3 Bxd2+ 21.
Rxd2 Nxe2+ 22. Rxe2 Qe7 23. Qf3 f6 24. Rf2 Qf7 25. g4 Qg6 26. h3 Rac8 27. Kd1
Rd7 28. h4 Rdc7 29. h5 Qf7 30. Qg3 d5 31. exd5 Bxd5 32. Nxd5 Qxd5+ 33. Ke1 Rxc2
34. a3 Qe4+ 35. Kd1 Rd8+ 36. Rd2 Rdxd2# 0-1

[Event "NADA PODE MUDAR VIII"]
[Site "http://www.queenalice.com/game.php?id=1136585"]
[Date "2013.1.3"]
[Round "-"]
[White "perucona"]
[Black "Nakann"]
[Result "0-1"]
[WhiteElo "1430"]
[BlackElo "1505"]

1. e4 c5 2. d4 cxd4 3. Qxd4 Nc6 4. Qd5 Nf6 5. Qd3 d6 6. Nc3 e6 7. Nf3 Be7 8. Bg5
h6 9. Bxf6 Bxf6 10. O-O-O Be7 11. Be2 a6 12. Rd2 O-O 13. Rhd1 Qc7 14. Ne1 Rd8
15. Bg4 Ne5 16. Qg3 Nxg4 17. h3 Ne5 18. b3 Ng6 19. Nd3 Qxc3 20. Ne1 Qa1# 0-1

[Event "NADA PODE MUDAR XIV"]
[Site "http://www.queenalice.com/game.php?id=1136627"]
[Date "2013.1.3"]
[Round "-"]
[White "perucona"]
[Black "Nakann"]
[Result "0-1"]
[WhiteElo "1429"]
[BlackElo "1671"]

1. e4 e6 2. d4 d5 3. e5 c5 4. dxc5 Bxc5 5. Be3 Bxe3 6. fxe3 a6 7. Nf3 Nc6 8. Bd3
Nge7 9. O-O O-O 10. Nc3 b5 11. Nd2 Ng6 12. Rf3 Ncxe5 13. Rh3 Nxd3 14. cxd3 e5
15. e4 Bxh3 16. gxh3 dxe4 17. dxe4 Qg5+ 18. Kh1 Nf4 19. Qg1 Qd8 20. Nf3 f6 21.
Qg3 Qc8 22. Rg1 g6 23. h4 Ra7 24. h5 Nxh5 25. Qh4 Rg7 26. Ne2 Qc2 27. Ng3 Nxg3+
28. Rxg3 Qd1+ 29. Kg2 Qe2+ 30. Kg1 Qe3+ 31. Kg2 g5 32. Qh5 Qxe4 33. Rh3 Rc8 34.
Kf2 Rc2+ 35. Kg3 Qf4# 0-1

[Event "NADA PODE MUDAR XVII"]
[Site "http://www.queenalice.com/game.php?id=1136630"]
[Date "2013.1.3"]
[Round "-"]
[White "perucona"]
[Black "Nakann"]
[Result "0-1"]
[WhiteElo "1383"]
[BlackElo "1587"]

1. e4 c5 2. d4 cxd4 3. Qxd4 Nc6 4. Qd5 Nf6 5. Qd2 Nxe4 6. Qe2 d5 7. Nc3 Nxc3 8.
bxc3 Qa5 9. Bd2 Qc7 10. O-O-O e6 11. Nf3 h6 12. g3 Qb6 13. Be3 Ba3+ 14. Kd2 Qa5
15. Bd4 Nxd4 16. Qe1 Nxf3+ 17. Ke2 Nxe1 18. Rxe1 Qxc3 19. Bg2 Qxc2+ 20. Kf3 Qf5+
21. Ke2 b6 22. Rhf1 Ba6+ 23. Kd1 Qd3# 0-1

[Event "NADA PODE MUDAR XXII"]
[Site "http://www.queenalice.com/game.php?id=1136636"]
[Date "2013.1.3"]
[Round "-"]
[White "perucona"]
[Black "Nakann"]
[Result "0-1"]
[WhiteElo "1413"]
[BlackElo "1663"]

1. e4 c5 2. d4 cxd4 3. Qxd4 Nc6 4. Qd5 Nf6 5. Qd3 d6 6. Qe2 Bg4 7. f3 Bd7 8. Nc3
e6 9. Bg5 Be7 10. Bxf6 Bxf6 11. O-O-O Bxc3 12. bxc3 Qc7 13. Rd2 O-O 14. Rd3 a6
15. g3 Na7 16. Nh3 Bb5 17. c4 Bxc4 18. Qd2 Bxd3 19. Qxd3 Nb5 20. Qd2 Nc3 21. Kb2
Rac8 22. Kc1 Nxa2+ 23. Kb1 Nc3+ 24. Kb2 Qb6+ 25. Ka3 Nb1+ 26. Ka2 Nxd2 27. Bd3
Nxf3 28. Be2 Rxc2+ 29. Ka3 Qc5+ 30. Kb3 Qc3+ 31. Ka4 Ra2# 0-1

[Event "RTO VII"]
[Site "http://www.queenalice.com/game.php?id=1145540"]
[Date "2013.1.26"]
[Round "-"]
[White "rogeriooliveira"]
[Black "Nakann"]
[Result "0-1"]
[WhiteElo "1341"]
[BlackElo "1655"]

1. e4 c5 2. d4 cxd4 3. Qxd4 Nc6 4. Qd5 Nf6 5. Qd3 e6 6. Nc3 Bb4 7. Bg5 h6 8.
Bxf6 Qxf6 9. O-O-O Bxc3 10. Qxc3 Qxc3 11. bxc3 O-O 12. Nf3 a6 13. Re1 b5 14. Rd1
f6 15. Bd3 Bb7 16. Rde1 Na5 17. Re3 Rac8 18. Kd2 e5 19. Rhe1 Rc7 20. Rb1 Rfc8
21. Rbe1 Rxc3 22. Ke2 Nc4 23. Bxc4+ R3xc4 24. Kd3 Rxc2 25. a3 R8c3# 0-1

[Event "RTO X"]
[Site "http://www.queenalice.com/game.php?id=1145543"]
[Date "2013.1.26"]
[Round "-"]
[White "rogeriooliveira"]
[Black "Nakann"]
[Result "0-1"]
[WhiteElo "1289"]
[BlackElo "1679"]

1. e4 c5 2. d4 cxd4 3. Qxd4 Nc6 4. Qd5 Nf6 5. Qd3 d6 6. Nc3 Bg4 7. Be2 Ne5 8.
Qd2 Bxe2 9. Kxe2 e6 10. Nf3 Nxf3 11. Kxf3 Be7 12. Rd1 Qc7 13. Qe2 O-O 14. Bg5 h6
15. Bxf6 gxf6 16. Rg1 Kh7 17. Rae1 a6 18. g4 Rg8 19. Rg2 Rg6 20. Reg1 Rag8 21.
h3 Qc6 22. h4 f5 23. gxf5 exf5 24. Rxg6 fxg6 25. Rg2 fxe4+ 26. Nxe4 Bxh4 27. c3
Re8 28. Rg4 g5 29. Qd3 Rf8+ 30. Ke3 Kg8 31. f4 Qd7 32. Qc4+ Kh7 33. Qd4 gxf4+
34. Rxf4 Qh3+ 35. Ke2 Rxf4 36. Qxd6 Rxe4+ 37. Kd2 Qe3+ 38. Kc2 Qe2+ 39. Kb3 Qb5+
40. Kc2 Be7 41. Qg3 Re2+ 42. Kd1 Rxb2 43. c4 Rb1+ 44. Kd2 Qg5+ 45. Qe3 Qxe3+ 46.
Kc2 Rc1+ 47. Kb2 Qc3# 0-1

[Event "OS INCLIVEIS"]
[Site "http://www.queenalice.com/game.php?id=1147424"]
[Date "2013.1.31"]
[Round "-"]
[White "adelio"]
[Black "Nakann"]
[Result "1-0"]
[WhiteElo "1812"]
[BlackElo "1667"]

1. d4 e6 2. e4 d5 3. c4 dxe4 4. a3 Nf6 5. Nc3 h6 6. f3 e3 7. Bxe3 a6 8. Qc2 b6
9. Bd3 Bb7 10. Ne4 Nbd7 11. h4 Be7 12. h5 Nxe4 13. fxe4 c5 14. Nf3 cxd4 15. Bxd4
f6 16. O-O-O e5 17. Bc3 a5 18. Qa4 O-O 19. Bc2 Qc7 20. Rxd7 Bc6 21. Rxc7 Bxa4
22. Bxa4 Bc5 23. Nh4 Rfd8 24. Nf5 Kf8 25. Rxg7 1-0